000 01648cam a2200325 a 4500
001 13923627
005 20060815203757.0
008 050407s2006 cau b 001 0 eng
010 _a 2005009850
020 _a0761925449 (pbk.)
040 _aDLC
_cDLC
_dDLC
042 _apcc
050 0 0 _aP94.6
_b.M4265 2006
100 _aGrossberg, Lawrence
245 0 0 _aMediamaking :
_bmass media in a popular culture /
_cLawrence Grossberg ... [et al.].
250 _a2nd ed.
260 _aThousand Oaks, Calif. :
_bSage Publications,
_cc2006.
300 _axxiii, 495 p. ;
_c24 cm.
_bill.
504 _aIncludes bibliographical references and index.
650 0 _aMass media and culture.
650 0 _aMass media
_xSocial aspects.
700 1 _aEllen Wartella, D. Charles Whitney, J. Macgregor Wise
856 4 1 _3Table of contents only
_uhttp://www.loc.gov/catdir/toc/ecip0510/2005009850.html
856 4 2 _3Publisher description
_uhttp://www.loc.gov/catdir/enhancements/fy0657/2005009850-d.html
906 _a7
_bcbc
_corignew
_d1
_eecip
_f20
_gy-gencatlg
942 _2lcc
_cBK
999 _c35327
_d35327